000 00929cam a22002417a 4500
999 _c128510
_d128510
001 16101028
003 ARRUPE
005 20181106115915.0
008 100223s2009 rh a b 000 0 eng
010 _a 2010307010
040 _aDLC
_cDLC
042 _alcode
043 _af------
050 0 0 _aHN37.C3 F773
100 _aAFCAST
_943278
245 0 0 _aFour levels of Catholic social teaching :
_ba guide to teaching CST in seminaries and formation houses in Africa.
260 _aMount Pleasant, Harare, Zimbabwe :
_bAfrican Forum for Catholic Social Teaching,
_c2009.
300 _a24 p. :
_bill. (some col.) ;
_c21 cm.
504 _aIncludes bibliographical references (p. 22-24).
650 0 _aSociology, Catholic
_913981
710 2 _aAfrican Forum for Catholic Social Teachings.
_943279
906 _a7
_bcbc
_corigode
_d4
_encip
_f20
_gy-gencatlg
942 _2lcc
_cMONOGRAPH